Ultimate Flags of the World #1 - Statistics

General Stats
  • This quiz has been taken 152 times
    151 since last reset
  • The average score is 42 of 164
Answer Stats
Picture Answer % Correct
United States of America
97%
Liberia
55%
Malaysia
55%
Cuba
51%
Czech Republic
49%
Chile
48%
Ohio
46%
Puerto Rico
46%
Iowa
45%
Russia
45%
France
44%
Texas
44%
Netherlands
42%
Sint Maarten
39%
Bhutan
38%
Bulgaria
38%
Egypt
38%
England
38%
Georgia
38%
Germany
38%
Gibraltar
38%
Greece
38%
Indonesia
38%
Malta
38%
Monaco
38%
Nigeria
38%
Palestine
38%
Poland
38%
South Korea
38%
Uganda
38%
United Arab Emirates
38%
Wales
38%
Belgium
37%
Greenland
37%
Guernsey
37%
Iraq
37%
Islamic Republic of Afghanistan
37%
Jordan
37%
Kuwait
37%
Laos
37%
Libya
37%
Montana
37%
Nebraska
37%
Paraguay
37%
Suriname
37%
Thailand
37%
Togo
37%
Tonga
37%
Vanuatu
37%
Abkhazia
35%
Argentina
35%
Cambodia
35%
Cape Verde
35%
Costa Rica
35%
Estonia
35%
Idaho
35%
Jamaica
35%
Liechtenstein
35%
Maine
35%
Norfolk Island
35%
North Dakota
35%
Northern Ireland
35%
Samoa
35%
Scotland
35%
South Sudan
35%
Sudan
35%
Syria
35%
Taiwan
35%
Uruguay
35%
Virginia
35%
Western Sahara
35%
Wisconsin
35%
Wyoming
35%
Armenia
34%
Belize
34%
Brunei
34%
Burundi
34%
Haiti
34%
Marshall Islands
34%
Nauru
34%
Nevada
34%
Curaçao
32%
Florida
32%
New Hampshire
32%
Qing Dynasty
32%
Tokelau
32%
Yemen
32%
East Germany
31%
Jersey
31%
Kentucky
31%
Northern Mariana Islands
31%
Alabama
30%
Brittany
30%
New Mexico
30%
Vermont
30%
Basque Country
28%
Holy Roman Empire
28%
Martinique
27%
New York
27%
West Papua
27%
Artsakh
25%
Bougainville
25%
Missouri
25%
Sint Eustatius
24%
13 Colonies
23%
South Carolina
23%
South Yemen
23%
Pennsylvania
21%
Oregon
17%
Confederate States of America
15%
Rhodesia
15%
Ambazonia
14%
Darfur
14%
Yucatán
14%
Azawad
13%
Russian Empire
13%
Bremen
11%
Liberland
11%
Dutch East Indies
10%
French Sudan
10%
Austria-Hungary
8%
Devon
8%
Manchukuo
8%
Northumberland
8%
Gloucestershire
7%
Khmer Republic
7%
People's Republic of Bulgaria
7%
Tanganyika
7%
Lord Howe Island
6%
North Yemen
6%
Upper Volta
6%
Congo Free State
4%
Deseret
4%
Empire of Vietnam
4%
Great Joseon
4%
New Spain
4%
Hejaz
3%
Raj of Sarawak
3%
Republic of Maryland
3%
South Peru
3%
Syrian Arab Republic
3%
Bohemia and Moravia
1%
Champasak Kingdom
1%
County of Foix
1%
Durrani Empire
1%
Lanfang Republic
1%
Republic of the Floridas
1%
Tuamotu Archipelago
1%
United Belgian States
1%
Argentine Confederation
0%
Banjar
0%
Batavian Republic
0%
Emirate of Dhala
0%
Federated Malay States
0%
Galicia-Lodomeria
0%
Goshen
0%
Kingdom of Lau
0%
Nadir Shah
0%
Neutral Moresnet
0%
Patria Nueva
0%
Regency of Algiers
0%
Republic of Korea
0%
Republic of Rio Grande
0%
Transcaucasian Federation
0%
No matching quizzes found
Score Distribution
Percent of People with Each Score
Percentile by Number Answered
Your Score History
You have not taken this quiz since the last reset